000 00278nam a2200109Ia 4500
001 1261945
005 20260417140402.0
008 260417s9999 xx 000 0 und d
020 _a9789752891456
245 0 _aUçurtma Avcısı
_cKhaled Hosseini
260 _bEverest Yayınları
999 _c1261945
_d1261945